00365nam a2200121Ia 4500008004100000100001600041245001800057245002600075260000900101856004100110999001900151952007300170160531s9999 xx 000 0 und d aBellini, G. aGeo-neutrinos cby G. Bellini, et al. c2013 uhttp://arxiv.org/pdf/1310.3732v1.pdf c295094d295094 001040aCLbCLd2016-05-31l0r2016-05-31 00:00:00w2016-05-31yCBE